[Event "Chelyabinsk 8"]
[Site "Sarajevo BIH"]
[Date "1999.05.19"]
[Round "8"]
[White "Timman, Jan H"]
[Black "Leko, Peter"]
[Result "1/2-1/2"]
[WhiteElo "2670"]
[BlackElo "2694"]
[EventDate "1999.05.17"]

1. e4 c5 2. Nf3 e6 3. d4 cxd4 4. Nxd4 Nf6 5. Nc3 Nc6 6. Ndb5 d6 7. Bf4 e5 
8. Bg5 a6 9. Na3 b5 10. Bxf6 gxf6 11. Nd5 f5 12. c3 Bg7 13. exf5 Bxf5 14. 
Nc2 O-O 15. Nce3 Bg6 16. h4!? Be4! {In this game Black successfully 
defends the variation with 15...Â¥g6 using an idea suggested by the 
Hungarian GM A.Adorjan } ( 16. ... f5 {White can keep on struggling for 
the control over light squares by means of} 17. h5 Be8 18. g4! Bd7! ( 
18. ... fxg4? 19. h6 { 20. Qxg4 +- }) ( 18. ... f4 19. Nf5 +/- ) 19. gxf5 
Kh8 20. h6 Bf6 21. Bg2 += {Korneev,O 2465 - Nikcevic,N 2400 , Cattolica 
1992} ) 17. h5!? { White pawn intends to sneak to h6, and that will 
constrain black king unpleasantly} ( 17. Bd3 Bxd5 18. Nxd5 f5 ) 17. ... 
Qg5 18. Rh3! {White rook enters the game effectively} ( {Straightforward }
18. h6? { does not gain anything} 18. ... Bxh6 19. Rh5 ( 19. Bd3 Bg6 ) 
19. ... Qg6 20. Nf6+ Qxf6 21. Ng4 Qe7 22. Nxh6+ Kh8 23. Bd3 Bg6 -/+ ) ( 
18. Be2!? {Later White succeeded in creating problems for his opponent by 
way of} 18. ... Ra7 19. Bf3 Bxf3 20. Qxf3 f5 21. h6 Bxh6 22. Rh5 Qg6 23. 
Rxf5 +/- {Polgar Ju 2655 - Leko P 2725 , 2000 Wijk aan Zee} ) 18. ... Kh8 
19. Rg3 ( 19. h6?! Bxh6 20. Rg3 Qd8 21. Bd3 Bxd3 22. Qxd3 f5! 23. Nxf5 e4 
24. Qxe4 Re8 25. Nfe7 Rxe7 26. Nxe7 Qxe7 27. Qxe7 Nxe7 =+ ) 19. ... Qh6 
20. Bd3 Bxd5 ( {To the opponent's domination over light squares leads} 
20. ... Bxd3 21. Qxd3 Qxh5 22. Qf5 ) 21. Nf5 ( 21. Nxd5 f5 ) 21. ... Qf6 
22. Bc2! {This modest retreat allows White to maintain the initiative} ( 
22. Rxg7? e4 -+ ) ( 22. h6? Bxh6 23. Qh5 e4 -+ ) ( 22. Nxg7 e4 23. Bxb5 
Ne7 ) 22. ... Be6 23. Nxg7 d5 24. Qd2 {Supporting the h5-h6 advance and 
preparing for the queenside castling } 24. ... b4! { A necessary advance 
that allows Black to obtain counterplay } 25. h6 e4 26. Nh5 ( 26. O-O-O? 
bxc3 27. bxc3 ( 27. Qxc3? d4! 28. Qxc6 Qxh6+ 29. Rd2 ( 29. Kb1 Bxa2+ ) 
29. ... e3 -+ ) 27. ... Rab8 ) ( {In P.Leko's opinion, worth attention is}
26. Qg5!? Qxg5 27. Rxg5 += {exchanging the queens and passing on to a 
positional play)} ) 26. ... Qe5 27. Rg5 f5 ( 27. ... Qh2?! 28. Qf4 Qxf4 +=
) 28. f4!? exf3+ 29. Kf2 bxc3 30. bxc3 Qe2+ { Relieving the tension} ( 
30. ... fxg2!? 31. Re1! Qh2 32. Rxg2 Qh4+ ( 32. ... Qxh5 33. Rxe6 Rg8 34. 
Rg7! Qh2+ = ) 33. Kg1 Bf7 34. Ng7 f4 35. Rf1 Qxh6 36. Rxf4 Bg8 37. Nf5 Qf6
{shown by P.Leko} ) 31. Qxe2 fxe2 32. Re1?! ( 32. Nf4 {Black would have to
display more ingenuity in order to obtain equal play } 32. ... Bg8 ( 
32. ... Rf6 += ) 33. Nxe2 Ne5 34. Rh1 Ng4+ ( 34. ... Rf6 35. Rxf5 Rxh6 36.
 Rxh6 Ng4+ 37. Kg3 Nxh6 38. Rf6 Kg7 39. Rb6 += ) ( 34. ... Rae8 35. Rxf5 )
35. Kf3 Rae8 36. Rxf5 Bf7!! 37. Nd4 Ne3 38. Rf4 Nxc2 39. Nxc2 Rc8 40. Nd4 
Rxc3+ 41. Kf2 Kg8 = ) 32. ... d4 { Now it is White's turn to display 
accuracy in order to maintain equilibrium } 33. Rxe2 ( 33. Ba4? d3 ) 
33. ... Bc4 34. Re1 dxc3 35. Rg3 Nd4 36. Rxc3 Bxa2 37. Bd3 a5 38. Re7 Bg8 
( 38. ... Rf7 39. Rcc7 ) 39. Rcc7 Ne6 ( 39. ... a4? 40. Bc4! ) 40. Ra7 Nc5
41. Bb5 Rfb8 ( 41. ... Rxa7 42. Rxa7 Rb8 43. Be2 a4 44. Nf6 ) 42. Rxa8 ( 
42. Bc6? Rxa7 43. Rxa7 Rb6 44. Rc7 Nd3+ 45. Ke3 Ne5 -/+ ) 42. ... Rxa8 43.
 Nf6 Ne4+ 44. Nxe4 fxe4 45. Rxe4 1/2-1/2

[Event "Chelyabinsk Variation - 8"]
[Site "Manila PHI"]
[Date "1976.07.01"]
[Round "8"]
[White "Quinteros, Miguel A"]
[Black "Ljubojevic, Ljubomir"]
[Result "0-1"]
[WhiteElo "2540"]
[BlackElo "2620"]
[EventDate "1976.06.??"]

1. e4 c5 2. Nf3 Nc6 3. d4 cxd4 4. Nxd4 Nf6 5. Nc3 e5 6. Ndb5 d6 7. Bg5 a6 
8. Bxf6 gxf6 ( 8. ... Qxf6 9. Nd5 Qd8 ) 9. Na3 b5 ( 9. ... f5 10. Qh5 b5 
11. Naxb5 axb5 12. Bxb5 Bb7 13. Bc4 Qf6 14. Nd5 Qg6 15. Nc7+ Kd7 16. Qxg6 
hxg6 17. Nxa8 Bxa8 18. Bd5 fxe4 19. Bxe4 Bh6 20. c3 f5 21. Bd5 e4 22. O-O 
Bb7 23. Rfd1 Ba6 24. a4 Ne7 25. Ba2 Rb8 26. b4 Be2 27. Re1 Bd3 28. Red1 
Bg7 29. Bb1 Be2 30. Rc1 Nd5 31. Ra3 Rc8 32. Ba2 Nxc3 33. Bf7 Bh5 34. Kf1 
d5 35. Raxc3 Rxc3 36. Rxc3 Bxc3 37. Bxd5 Bxb4 38. f3 exf3 39. gxf3 g5 40. 
Ke2 Kd6 41. Bc4 Be8 42. Bd3 Ke5 43. Bb5 Bxb5+ 44. axb5 Bc5 {0-1 Ryska, 
Jirí (1916) - Vesely, Emanuel (2080) / Czech Championship Quarterfinal, 
section 37	 (25), ICCF 2011} ) 10. Nd5 {In this variation White displays 
his maximum ambitions, razing black pawn structure on the K-side to the 
ground. But as a dynamic compensation Black obtains an opportunity to 
influence the opponent's center by means of pawn underminings f6-f5, and 
then even f7-f5! The half-open g-file can also be used by Black in order 
to get counterplay} 10. ... f5 {Immediately disturbing the enemy center} 
11. exf5 Bxf5 12. c3 {The a3-knight is White's principal problem in the 
Cheliabinsk Variation, and it takes time to solve it. With his last move 
White prepares to bring his knight into play by way of Na3-c2-e3} 12. ... 
Bg7 13. Nc2 O-O 14. Nce3 Bg6 {A rare enough continuation, though the 
position of the bishop on the h7-b1 diagonal is not without its pluses. 
From the g6-square the bishop can support a standard maneuver e5-e4 and 
then Nc6-e5-d3: it also protects the black king's position} ( 14. ... Bd7 
15. Bd3 f5 16. Qh5 e4 17. Bc2 Qe8 18. Qh4 Kh8 19. O-O Ne5 20. Rad1 Qg6 21.
 Kh1 Rab8 22. f3 exf3 23. gxf3 Qh6 24. Qxh6 Bxh6 25. Ng2 a5 26. f4 Nc4 27.
 b3 Nb6 28. Kg1 Rf7 29. Nde3 Bf8 30. Nh4 d5 31. Rf3 Bc5 32. Kf1 Re8 33. 
Nexf5 Ref8 34. Re1 Bxf5 35. Nxf5 Rxf5 36. Bxf5 Rxf5 37. Re8+ Kg7 38. Rb8 {
1/2-1/2 McKenzie, Duncan (2276) - Vesely, Emanuel (2080) / SB-2011-0-00161
(-), Lechenicher SchachServer 2011} ) 15. h4! {An energetic advance, the 
aim of which is to reveal the seamy sides of bishop's location on g6} 
15. ... h6 16. g4! {Fixing the weakness of the f5-square} 16. ... e4 {
Black intends to meet the opponent's offensive on the K-side with his own 
counterplay in the center} 17. Be2 Rc8 18. Nf5 Bxf5 19. gxf5 Ne5 20. Rg1! 
( {A bit more sluggish looks} 20. Qd2 Rc5 21. f6? ( {Stronger is} 21. Rg1 
{In that case Black timely weakens the opponent's attack by a positional 
sacrifice of an exchange} 21. ... Rxd5! ( 21. ... Qxh4? 22. f6 Rxd5 23. 
Rxg7+ Kh8 24. Qxd5 Qh1+ 25. Bf1! Nd3+ 26. Kd2! e3+ 27. fxe3 Qxd5 28. Bxd3 
) 22. Qxd5 Qxh4 ) 21. ... Bxf6 22. O-O-O Bxh4! 23. Rdg1+ Bg5 24. Rxh6 Nf3 
25. Bxf3 Rxd5 26. Rh5 f6 27. Rhxg5+ Rxg5 28. Rxg5+ fxg5 29. Bxe4 Qf6 30. 
Qd5+ Kg7 {0-1(46) Quinteros, Miguel A (2540) - Ljubojevic, Ljubomir (2620)
/ Manila Interzonal (13), Manila PHI 1976} ) 20. ... Kh7 21. Qd2 Qxh4 22. 
O-O-O f6 {Black switches over to a passive defence, which, in the course 
of attacks in the positions with opposite castling, is always fraught with
troubles} 23. Nf4 Qxf2 24. Ne6 Rf7 25. Rxg7+! Rxg7 26. Qxh6+!! 0-1

[Event "Chelyabinsk 9"]
[Site "Mrzezyno POL"]
[Date "2011.09.04"]
[Round "9"]
[White "Jakubiec, Artur"]
[Black "Tazbir, Marcin"]
[Result "1/2-1/2"]
[WhiteElo "2528"]
[BlackElo "2520"]
[EventDate "2011.09.03"]

1. e4 c5 2. Nf3 Nc6 3. d4 cxd4 4. Nxd4 Nf6 5. Nc3 e5 6. Ndb5 d6 7. Bg5 a6 
8. Na3 b5 9. Bxf6 gxf6 10. Nd5 f5 11. c3 Bg7 12. exf5 Bxf5 13. Nc2 O-O 14.
 Nce3 Be6 15. Bd3 f5 16. Bc2!? {Another attempt to fit a key to black 
setup. Saving time on a castling, White withdraws his bishop to an elastic
position. From the c2-square the bishop is ready to move to the a2-g8 
diagonal and avoids the e5-e4 blow } ( 16. Qh5 e4 17. Bc2 Ne7 18. Rd1 b4!?
19. O-O ( 19. Nxb4 Qb6 20. Bb3 Bxb3 21. axb3 Kh8 22. Rd2 a5 23. Nbd5 Nxd5 
24. Nxd5 Qxb3 ) 19. ... bxc3 20. bxc3 Kh8 21. g3! Rc8 22. Bb3 Bf7 23. Qe2 
Bxd5 24. Nxd5 Nxd5 25. Bxd5 a5! ( 25. ... Rxc3 26. Qxa6 += ) 26. c4 Rb8 {
1/2:1/2, R.Ponomariov - P.Leko, Yerevan 1996} ) 16. ... f4! {Getting the 
game headed toward concrete tactical variations. White attack along the 
b1-h7 diagonal turns out to be not so dangerous for Black as it may seem 
at first sight } ( 16. ... Bh6 17. O-O Ra7 18. f4 Qh4 19. g3 Rg7 20. Nc7 
exf4 21. Ng2 Qh3 22. Rxf4 Bxf4 23. Nxf4 Rxg3+ 24. Kh1 Qh6 25. Qxd6 {1-0, 
Topalov Veselin 2670 - Illescas Cordoba Miguel 2620 , Linares 1995 It 
(cat.17)} ) 17. Qh5 Rf7 18. Bxh7+ Kf8 19. Bf5! Qe8! { An important 
resource, which is the basis of the whole black defence } ( {(In the 
original game there followed} 19. ... Rxf5? 20. Nxf5 Bxd5 21. Rd1! ( 21. 
O-O-O? Nd4 ) 21. ... Be6 ( 21. ... Ne7 22. Nxe7 Bf7 23. Ng6+ Kg8 24. Qg4 
Kh7 25. Nh4 +- ) 22. Rxd6 Qc8 23. Nxg7 Kxg7 24. g3! f3 25. Qxf3 Nd8 26. 
Qe4 Kf8 27. O-O Ke7 28. Rfd1 Nf7 29. Rc6 Qh8 30. Rd3 Ng5 31. Qg6 Nh3+ 32. 
Kf1 Bc4 33. Rc7+ Kf8 34. Qf5+ Kg8 35. Qg4+ Kf8 36. Qf3+ { 1-0, Arnason,J 
2540 - Birnboim,N 2465 , 1987 Beer-Sheva} ) 20. Bxe6 Qxe6 21. Qg4 D Qh6 
22. Nf5 { In order not to let the opponent overtake the initiative White 
has to resort to move repetition } ( 22. Nc2?! e4! ) 22. ... Qe6 23. Nfe3 
Qh6 24. Nf5 Qe6 25. Nfe3 Qh6 26. Nf5 Qe6 27. Nfe3 Qh6 28. Nf5 1/2-1/2

[Event "Chelyabinsk 9"]
[Site "Wijk aan Zee NED"]
[Date "2005.01.16"]
[Round "9"]
[White "Anand, Viswanathan"]
[Black "Leko, Peter"]
[Result "0-1"]
[WhiteElo "2786"]
[BlackElo "2749"]
[EventDate "2005.01.15"]
[Annotator "Rogozenko"]

1. e4 c5 2. Nf3 Nc6 3. d4 cxd4 4. Nxd4 Nf6 5. Nc3 e5 6. Ndb5 d6 7. Bg5 a6 
8. Na3 b5 9. Bxf6 gxf6 10. Nd5 f5 11. c3 Bg7 12. exf5 Bxf5 13. Nc2 O-O 14.
 Nce3 Be6 15. Bd3 f5 16. O-O Ra7 17. a4 Ne7!? {Black is ready to sacrifice
the b5-pawn for the sake of activating his central pawns} 18. Nxe7+ Rxe7 
19. axb5 axb5 20. Bxb5 { The most principled continuation} ( {Black does 
not have any particular problems in case of} 20. Ra6 d5 21. Nc2 Bc8 22. 
Ra8 Qd7 23. Nb4 e4 24. Be2 Bb7 25. Ra5 d4 26. cxd4 {1/2-1/2, Anand 
Viswanathan 2774 - Kasparov Gary 2817 , Moscow 15. 6.2004 Match 
"Armenia-Rest of th} ) ( 20. Bc2 d5 21. Bb3 f4 22. Nxd5 Rd7 23. Nb4 Rxd1 
24. Bxe6+ Kh8 25. Raxd1 Qe7 26. Bd5 e4 27. Rfe1 e3 28. Bf3 {Topalov 
Veselin 2707 - Leko Peter 2743 , Istanbul 2000 Olympiad} ) 20. ... d5 21. 
Ra6! {By disposing his rook on the 6th rank White creates a potential 
threat of sacrificing an exchange on e6 with subsequent conquering of the 
d6-square } 21. ... f4 ( {There also occured a prophylactic} 21. ... Kh8 {
with an idea to withdraw the king from the a2-g8 diagonal and to vacate 
the g8-square for the rook.  Then the following course of events is 
possible} 22. Be2!? ( 22. Qa4 f4 23. Nc2 Rg8 24. Ra1 Bc8 25. Ra8 Bf8 26. 
Bf1 Reg7 27. Qc6 Rc7 28. Qb5 Bc5 29. b4 Bxf2+! 30. Kxf2 Rxc3 31. Ne1 f3! 
32. Nxf3 e4 33. Ne1 Qf6+ 34. Kg1 Rf8 35. R8a2 Ra3! 36. Qe2 Qb6+ 37. Kh1 
Qf6 38. Kg1 Qd4+ { 1/2-1/2, Hector Jonny 2516 - Carlsen Magnus 2581 , 
Malme 30. 4.2004 It (cat.14))} ) 22. ... d4 23. cxd4 exd4 24. Nc2 Bd5 25. 
Nb4 Bb7 26. Ra1 {E.Sveshnikov considers this to be slightly better for 
White, but after} 26. ... Be5! 27. f4 Rg8 {Black is obviously completely 
okay} ) 22. Nc2!? {An ambitious, but risky strategy, requiring a careful 
follow-up, since Black keeps good attacking possibilities.} ( {In the 
endgame arising after} 22. Rxe6 Rxe6 23. Qxd5 Qxd5 24. Nxd5 {only White 
can play for a win, although after} 24. ... e4 {Black should be able to 
achieve a draw} ) 22. ... Bc8 N ( 22. ... Rb7!? 23. Rxe6 Rxb5 24. Nb4 f3 
25. gxf3! ~ ( 25. g3? â–³ Qd7 -+ ) ) ( 22. ... f3 23. g3 Rb7 24. Na3 Rb6 
25. Ra7 Qb8 =/& {1-0 Pecotic,K-Berkley,S/IECC email 2000 (50)} ) 23. Ra8 
Qd6 24. Nb4 ( 24. Bc4 Bb7 25. Rxf8+ Bxf8 26. Nb4 Rd7 27. Bb3 {- see 
25.Rxf8} ) 24. ... Bb7 D 25. Ra7?! {White, as before, intends to sacrifice
his rook for the opponent's light-squared bishop } ( {But stronger is} 25.
 Rxf8+! Bxf8 ( 25. ... Kxf8!? 26. Qh5 += Qg6 =/& ) 26. Bc4 Rd7 ( 26. ... 
Kh8 27. Bxd5 Rd7 28. Bb3 ( 28. Bf3 Qe7 =/& ) 28. ... Qg6 29. Nd5 Rg7 30. 
g3 ) 27. Bb3 Kh8 28. Qh5 ~ {/+/=} 28. ... Rg7 29. Qe8 d4 30. f3 += ) 
25. ... d4! ( {White's plan would be successful in case of} 25. ... Qc5 
26. Rxb7! Rxb7 27. Bc6 Ra7 28. Bxd5+ +/- ) 26. Ba6? {Carried away with the
idea of eliminating the opponent's light-squared bishop, White overlooks a
powerful tactical blow } ( 26. Qa4 Kh8 =/& ) ( 26. Qh5!? Bf3 â–³ 27. Qxf3 
Rxa7 28. Bd3 =, quiet ) ( 26. Bc6 Bxc6 27. Rxe7 Qxe7 28. Nxc6 Qe6 29. Nb4 
f3 30. gxf3 Qh3 =, quiet ) 26. ... Bxg2! -+ 27. Bc4+ ( 27. Kxg2 f3+ 28. 
Kh1 Rxa7 -+ ) ( 27. Rxe7 Qg6 -+ ) 27. ... Kh8 28. Ra6 ( {The salt of Black
plan is in the variation} 28. Rxe7 Qg6! 29. Re6 Bf6 -+ ) 28. ... Qc5 29. 
Kxg2 f3+ 30. Kh1 Qxc4 {Considering a catastrophic weakness of the king and
uncoordinated actions of the whole army white position is undefendable } 
31. Rc6 Qb5 32. Rd6 e4 33. Rxd4 {The only way to protect against the 
advance ...e3. However, Black is technically winning in the arising 
endgame, even if White has practical chances for a draw.} 33. ... Bxd4 ( 
33. ... Qh5!? 34. Rd5 Be5 35. Rxe5 Rxe5 36. Qd4 Qg5 37. Rg1 Rd8 38. Rxg5 
Rxd4 39. cxd4 Rxg5 -+ ) 34. Qxd4+ Qe5 35. Qxe5+ Rxe5 {White's main problem
is his king. Because of that he cannot create any counterplay without 
losing material.} 36. Nc2 Rb8 37. Ne3 Rc5 38. h3 ( 38. Nd1 Rd5 39. h3 Rd2 
-+ ) 38. ... Rxb2 39. c4 Rg5 40. Kh2 Kg8 41. h4 Rg6 42. Kh3 Kf7 43. Nf5 
Rc2 44. Ne3 Rd2 45. c5 ( 45. Nd5 h6 46. Ne3 Ke6 47. Nd5 Ke5 48. Ne3 h5 -+ 
) 45. ... Ke6 46. c6 Rg8 47. c7 Rc8 48. Kg3 Rxc7 49. Kf4 ( 49. Ra1 Ke5 50.
 Ra5+ Kd4 51. Ra4+ Kd3 -+ ) 49. ... Rd4 50. Ra1 Rf7+ 51. Kg3 Rd8 52. Ra6+ 
Ke5 53. Ng4+ Kd5 54. Nf6+ Rxf6 55. Rxf6 Ke5 56. Rh6 Rg8+ 57. Kh3 e3 0-1